[Event "Oberliga NRW 1819"]
[Site "Germany"]
[Date "2019.05.12"]
[Round "9.4"]
[White "Koehler, Markus"]
[Black "Maly, Alexey"]
[Result "0-1"]
[WhiteElo "2114"]
[BlackElo "2343"]
[PlyCount "156"]
[EventDate "2018.09.16"]
[EventType "team-tourn"]
[EventRounds "9"]
[EventCountry "GER"]
[SourceTitle "EXT 2020"]
[Source "ChessBase"]
[SourceDate "2019.10.17"]
[SourceVersion "1"]
[SourceVersionDate "2019.10.17"]
[SourceQuality "1"]
[WhiteTeam "Gerresheim"]
[BlackTeam "Siegburg"]
[WhiteTeamCountry "GER"]
[BlackTeamCountry "GER"]

1. c4 c5 2. Nc3 Nc6 3. g3 g6 4. Bg2 Bg7 5. e4 e6 6. Nge2 Nge7 7. d3 d6 8. a3 a5 9. Rb1 Rb8 10. Be3 Nd4 11. b4 axb4 12. axb4 0-0 13. 0-0 b6 14. Qd2 Bd7 15. bxc5 bxc5 16. Bxd4 Bxd4 17. Nxd4 cxd4 18. Rxb8 Qxb8 19. Nb5 Bxb5 20. Rb1 Qc7 21. Rxb5 Rb8 22. Qb2 Nc6 23. e5 Rxb5 24. cxb5 Nxe5 25. b6 Qb8 26. Qxd4 d5 27. Qc5 Nd7 28. Qc7 Qxc7 29. bxc7 Nb6 30. d4 Kf8 31. Bf1 Ke7 32. Bb5 f6 33. f4 Kd6 34. g4 g5 35. h4 h6 36. fxg5 fxg5 37. hxg5 hxg5 38. Kf2 Kxc7 39. Ke3 Kd6 40. Be2 Nd7 41. Kd3 Nf6 42. Bf3 e5 43. Bd1 Nd7 44. Kc3 Nf8 45. dxe5+ Kxe5 46. Kd3 Ne6 47. Bf3 Nc5+ 48. Kc3 Ne4+ 49. Kd3 Nf6 50. Ke3 Nd7 51. Kd3 Nb6 52. Ke3 Na4 53. Kd3 Nb2+ 54. Kc3 Nc4 55. Kd3 Na5 56. Ke3 Nc6 57. Bd1 Nb4 58. Bb3 Kd6 59. Bd1 Kc5 60. Bb3 Nc6 61. Bd1 Kc4 62. Be2+ Kc3 63. Bf3 Nb4 64. Bd1 Nd3 65. Bf3 Nb4 66. Bd1 Nc6 67. Bf3 d4+ 68. Ke4 d3 69. Bd1 Nd4 70. Ke5 d2 71. Ke4 Nc2 72. Be2 Kb2 73. Ke5 Kc1 74. Ke4 Nb4 75. Kf5 Nc6 76. Ke4 Kc2 77. Bb5 Nb4 78. Ba4+ Kc1 0-1

[Event "Oberliga NRW 1819"]
[Site "Germany"]
[Date "2018.11.18"]
[Round "3.5"]
[White "Koehler, Markus"]
[Black "Ries, Benjamin"]
[Result "0-1"]
[WhiteElo "2114"]
[BlackElo "2273"]
[PlyCount "80"]
[EventDate "2018.09.16"]
[EventType "team-tourn"]
[EventRounds "9"]
[EventCountry "GER"]
[SourceTitle "EXT 2020"]
[Source "ChessBase"]
[SourceDate "2019.10.17"]
[SourceVersion "1"]
[SourceVersionDate "2019.10.17"]
[SourceQuality "1"]
[WhiteTeam "Gerresheim"]
[BlackTeam "Wuppertal Bahn"]
[WhiteTeamCountry "GER"]
[BlackTeamCountry "GER"]

1. c4 c6 2. g3 d5 3. Bg2 Nf6 4. d4 dxc4 5. Nf3 g6 6. 0-0 Bg7 7. Ne5 Ng4 8. f4 Nxe5 9. fxe5 Qb6 10. e3 Na6 11. Na3 Be6 12. Qc2 Nb4 13. Qc3 Nd5 14. Qc2 Nb4 15. Qc3 Nd5 16. Qc2 Rc8 17. Nxc4 Qa6 18. Na3 c5 19. Qe4 0-0 20. Bd2 Rfd8 21. Rfc1 Qe2 22. Nc4 Qh5 23. Bf3 Bf5 24. Qxd5 Rxd5 25. Bxh5 gxh5 26. Bc3 Bh6 27. Bd2 Bg7 28. Bc3 b5 29. Na5 Bh6 30. Bd2 cxd4 31. Rxc8+ Bxc8 32. Nc6 Rd7 33. Kf2 Bb7 34. Rc1 dxe3+ 35. Bxe3 Bxe3+ 36. Kxe3 Rc7 37. Nxe7+ Rxe7 38. Kf4 Kg7 39. Rc5 a6 40. Kg5 Rxe5+ 0-1

[Event "NRW Class2 1213"]
[Site "Germany"]
[Date "2013.03.10"]
[Round "7.3"]
[White "Wolf, Andre"]
[Black "Koehler, Markus"]
[Result "1/2-1/2"]
[WhiteElo "2123"]
[BlackElo "2104"]
[PlyCount "90"]
[EventDate "2012.09.16"]
[EventType "team-tourn"]
[EventRounds "9"]
[EventCountry "GER"]
[SourceTitle "EXT 2017"]
[Source "ChessBase"]
[SourceDate "2016.10.25"]
[SourceVersion "1"]
[SourceVersionDate "2016.10.25"]
[SourceQuality "1"]
[WhiteTeam "Herford"]
[BlackTeam "Gerresheim"]
[WhiteTeamCountry "GER"]
[BlackTeamCountry "GER"]

1. e4 g6 2. d4 Bg7 3. Nc3 c5 4. dxc5 Nc6 5. Be3 Nf6 6. f3 0-0 7. Qd2 b6 8. cxb6 axb6 9. Bb5 Qc7 10. Nge2 d6 11. 0-0 Be6 12. Bxc6 Qxc6 13. Nd4 Qb7 14. Nxe6 fxe6 15. Bh6 b5 16. Bxg7 Kxg7 17. Ne2 e5 18. c3 Rfd8 19. Ng3 d5 20. Qg5 Qb6+ 21. Kh1 Qe6 22. a3 h6 23. Qe3 d4 24. cxd4 exd4 25. Qd3 Qc4 26. Rfd1 Qxd3 27. Rxd3 e5 28. Rad1 Rdc8 29. R3d2 b4 30. axb4 Rab8 31. Ne2 Rxb4 32. Nc1 Nd7 33. Nd3 Rb3 34. Kg1 Kf6 35. Kf1 Rc4 36. Ke2 Nc5 37. Rc1 Rxc1 38. Nxc1 Re3+ 39. Kf2 Ke6 40. Re2 Nd3+ 41. Nxd3 Rxd3 42. Rc2 Rb3 43. Rc6+ Kf7 44. Rc7+ Ke6 45. Rc6+ Kf7 1/2-1/2

[Event "Oberliga NRW 1112"]
[Site "Germany"]
[Date "2012.04.29"]
[Round "9.4"]
[White "Van Beek, Alexander"]
[Black "Koehler, Markus"]
[Result "1/2-1/2"]
[WhiteElo "2261"]
[BlackElo "2102"]
[PlyCount "136"]
[EventDate "2011.09.18"]
[EventType "team-tourn"]
[EventRounds "9"]
[EventCountry "GER"]
[SourceTitle "EXT 2015"]
[Source "ChessBase"]
[SourceDate "2014.11.20"]
[SourceVersion "1"]
[SourceVersionDate "2014.11.20"]
[SourceQuality "1"]
[WhiteTeam "Erkenschwick"]
[BlackTeam "Gerresheim"]
[WhiteTeamCountry "GER"]
[BlackTeamCountry "GER"]

1. d4 Nf6 2. c4 d6 3. Nf3 g6 4. Nc3 Bf5 5. g3 Ne4 6. Nh4 Nxc3 7. bxc3 Bc8 8. Bg2 Bg7 9. 0-0 0-0 10. e4 Nc6 11. f4 Na5 12. Qe2 c5 13. Be3 Be6 14. d5 Bc8 15. Qd3 a6 16. a4 Bd7 17. Ra3 Qc7 18. Rb1 e6 19. Nf3 exd5 20. cxd5 b5 21. Nd2 bxa4 22. e5 c4 23. Qe2 Rab8 24. Bd4 Rxb1+ 25. Nxb1 Nb3 26. Bf1 Nxd4 27. cxd4 Qb6 28. Nc3 Qxd4+ 29. Qf2 dxe5 30. Nxa4 exf4 31. Nc3 fxg3 32. hxg3 Qxf2+ 33. Kxf2 Bxc3 34. Rxc3 Bb5 35. Ke3 Kg7 36. Kd4 Kf6 37. Bxc4 Rc8 38. Rf3+ Ke7 39. d6+ Kxd6 40. Rf6+ Ke7 41. Rxf7+ Ke8 42. Bd5 Bc4 43. Rxh7 Bxd5 44. Kxd5 Rc3 45. Ra7 Rxg3 46. Rxa6 Kf7 47. Ke4 Kg7 48. Kf4 Rb3 49. Kg4 Kh6 50. Rc6 Rb4+ 51. Kg3 Kh5 52. Rc5+ g5 53. Rc3 Rb1 54. Ra3 Rg1+ 55. Kh2 Rg4 56. Rh3+ Rh4 57. Kg3 Rxh3+ 58. Kxh3 Kh6 59. Kg4 Kg6 60. Kg3 Kf5 61. Kf3 g4+ 62. Kg3 Kg5 63. Kg2 Kf4 64. Kf2 g3+ 65. Kg2 Kg4 66. Kg1 Kf3 67. Kf1 g2+ 68. Kg1 Kg3 1/2-1/2

[Event "Lower Rhine-ch"]
[Site "Solingen"]
[Date "2011.04.23"]
[Round "7"]
[White "Hobusch, Jan"]
[Black "Koehler, Markus"]
[Result "1/2-1/2"]
[WhiteElo "1892"]
[BlackElo "2105"]
[PlyCount "112"]
[EventDate "2011.04.16"]
[EventType "swiss"]
[EventRounds "7"]
[EventCountry "GER"]
[SourceTitle "CBM 142 Extra"]
[Source "ChessBase"]
[SourceDate "2011.06.27"]
[SourceVersion "1"]
[SourceVersionDate "2011.06.27"]
[SourceQuality "1"]

1. e4 g6 2. d4 Bg7 3. Nc3 c5 4. Nf3 cxd4 5. Nxd4 Nc6 6. Be3 Nf6 7. Bc4 0-0 8. 0-0 Nxe4 9. Nxe4 d5 10. Nxc6 bxc6 11. Bd3 dxe4 12. Bxe4 Rb8 13. Qxd8 Rxd8 14. Rad1 Ba6 15. Rfe1 Bxb2 16. Bxa7 Rxd1 17. Rxd1 Rb4 18. f3 Rc4 19. Rb1 Be5 20. Be3 f5 21. Bd3 Ra4 22. Bxa6 Rxa6 23. Rb6 Ra3 24. Kf2 f4 25. Bc1 Rc3 26. Bd2 Rxc2 27. Ke1 c5 28. Rc6 Bd4 29. a4 Be3 30. Bxe3 fxe3 31. Kf1 Rf2+ 32. Kg1 Ra2 33. Kf1 Rf2+ 34. Kg1 Rc2 35. Kf1 c4 36. a5 Rf2+ 37. Kg1 Ra2 38. Kf1 Rxa5 39. Rxc4 Ra1+ 40. Ke2 Ra2+ 41. Kf1 Ra1+ 42. Ke2 Rg1 43. Rg4 Kg7 44. Kxe3 h5 45. Rg5 Kf6 46. h4 Rh1 47. g3 e5 48. f4 exf4+ 49. Kxf4 Rf1+ 50. Ke4 Ra1 51. Kf4 Ra4+ 52. Kf3 Ra6 53. Ke3 Re6+ 54. Kf3 Re1 55. Kf4 Re2 56. Kf3 Re1 1/2-1/2

[Event "Lower Rhine-ch"]
[Site "Solingen"]
[Date "2011.04.16"]
[Round "1"]
[White "Zahn, Richard"]
[Black "Koehler, Markus"]
[Result "0-1"]
[WhiteElo "2077"]
[BlackElo "2105"]
[PlyCount "52"]
[EventDate "2011.04.16"]
[EventType "swiss"]
[EventRounds "7"]
[EventCountry "GER"]
[SourceTitle "CBM 142 Extra"]
[Source "ChessBase"]
[SourceDate "2011.06.27"]
[SourceVersion "1"]
[SourceVersionDate "2011.06.27"]
[SourceQuality "1"]

1. e4 g6 2. d4 Bg7 3. c4 d6 4. Nc3 Nf6 5. Bd3 0-0 6. Nge2 e5 7. d5 Na6 8. f3 Nh5 9. Be3 f5 10. Qd2 Nf6 11. Bg5 Nc5 12. Bc2 fxe4 13. fxe4 h6 14. Be3 Ng4 15. h4 Nxe3 16. Qxe3 Qf6 17. Kd2 Bg4 18. Raf1 Qe7 19. g3 Kh7 20. Ke1 h5 21. Rxf8 Rxf8 22. Rf1 Bh6 23. Qg1 Bh3 24. Rxf8 Qxf8 25. b4 Na6 26. a3 Qf3 0-1

[Event "BL2-West 1011"]
[Site "Germany"]
[Date "2010.10.24"]
[Round "2.7"]
[White "Van Wessel, Rudy"]
[Black "Koehler, Markus"]
[Result "1-0"]
[WhiteElo "2380"]
[BlackElo "2120"]
[PlyCount "51"]
[EventDate "2010.10.10"]
[EventType "team-tourn"]
[EventRounds "9"]
[EventCountry "GER"]
[SourceTitle "EXT 2012"]
[Source "ChessBase"]
[SourceDate "2011.11.24"]
[SourceVersion "1"]
[SourceVersionDate "2011.11.24"]
[SourceQuality "1"]
[WhiteTeam "Koeln Porz"]
[BlackTeam "Gerresheim"]
[WhiteTeamCountry "GER"]
[BlackTeamCountry "GER"]

1. d4 Nf6 2. Nf3 g6 3. c4 d6 4. Nc3 Bf5 5. g3 Ne4 6. Qb3 Qc8 7. g4 Nxc3 8. gxf5 Ne4 9. Bh3 Nd7 10. Qd3 Nef6 11. e4 Bg7 12. Be3 0-0 13. e5 Ne8 14. Qe4 Qd8 15. fxg6 hxg6 16. e6 f5 17. Qh4 Nb6 18. Rg1 Nxc4 19. Rxg6 Rf6 20. Ng5 Rxg6 21. Qh7+ Kf8 22. Qxg6 Kg8 23. Nf7 Qc8 24. Bxf5 Nf6 25. Bh6 Qf8 26. 0-0-0 1-0

[Event "Goch op 20th"]
[Site "Goch"]
[Date "2009.10.04"]
[Round "6"]
[White "Glinzk, Michael"]
[Black "Koehler, Markus"]
[Result "0-1"]
[WhiteElo "2019"]
[BlackElo "2128"]
[PlyCount "68"]
[EventDate "2009.10.01"]
[EventType "swiss"]
[EventRounds "7"]
[EventCountry "GER"]
[SourceTitle "EXT 2011"]
[Source "ChessBase"]
[SourceDate "2010.11.26"]
[SourceVersion "1"]
[SourceVersionDate "2010.11.26"]
[SourceQuality "1"]

1. e4 c5 2. Nc3 Nc6 3. g3 g6 4. Bg2 Bg7 5. d3 Rb8 6. Be3 d6 7. Qd2 b5 8. f4 Nd4 9. Nd1 Qb6 10. c3 Nc6 11. Nf3 e6 12. 0-0 Nge7 13. d4 cxd4 14. cxd4 d5 15. e5 b4 16. b3 a5 17. Nb2 Nf5 18. Bf2 h5 19. Na4 Qa7 20. Rfc1 Nfe7 21. Nc5 Ba6 22. Nxa6 Qxa6 23. Ne1 0-0 24. Nd3 Rfc8 25. Nc5 Qa7 26. Bf1 Nf5 27. h3 Bf8 28. Bg2 Bxc5 29. dxc5 Qe7 30. Rc2 f6 31. g4 hxg4 32. hxg4 Nh6 33. Bh4 Qh7 34. Qe2 Nd4 0-1

[Event "Goch op 20th"]
[Site "Goch"]
[Date "2009.10.02"]
[Round "3"]
[White "Koehler, Markus"]
[Black "Lovik, Lasse Ostebo"]
[Result "0-1"]
[WhiteElo "2128"]
[BlackElo "2320"]
[PlyCount "82"]
[EventDate "2009.10.01"]
[EventType "swiss"]
[EventRounds "7"]
[EventCountry "GER"]
[SourceTitle "EXT 2011"]
[Source "ChessBase"]
[SourceDate "2010.11.26"]
[SourceVersion "1"]
[SourceVersionDate "2010.11.26"]
[SourceQuality "1"]

1. e4 c5 2. Nf3 d6 3. d4 cxd4 4. Nxd4 Nf6 5. Nc3 g6 6. Be3 Bg7 7. f3 0-0 8. Bc4 Nc6 9. Qd2 Bd7 10. h4 h5 11. 0-0-0 a6 12. g4 hxg4 13. h5 Ne5 14. Bb3 Nxh5 15. f4 Nc6 16. f5 Nxd4 17. Bxd4 e6 18. Bxg7 Kxg7 19. fxg6 fxg6 20. Qxd6 Qg5+ 21. Kb1 Bc6 22. Bxe6 g3 23. Bd5 Rad8 24. Qc5 Qe5 25. Qg1 Bxd5 26. exd5 Rf2 27. Re1 Qf5 28. Re7+ Kf8 29. Re2 Rxd5 30. Qe1 Re5 31. Qd1 g2 32. Rxe5 Qxc2+ 33. Qxc2 gxh1Q+ 34. Qc1 Rf1 35. Ne2 Rxc1+ 36. Nxc1 Nf4 37. Re3 g5 38. b3 g4 39. Kb2 g3 40. Nd3 Nxd3+ 41. Rxd3 g2 0-1

[Event "Goch op 20th"]
[Site "Goch"]
[Date "2009.10.01"]
[Round "1"]
[White "Koehler, Markus"]
[Black "Stelter, Wilhelm"]
[Result "1-0"]
[WhiteElo "2128"]
[BlackElo "1747"]
[PlyCount "47"]
[EventDate "2009.10.01"]
[EventType "swiss"]
[EventRounds "7"]
[EventCountry "GER"]
[SourceTitle "EXT 2011"]
[Source "ChessBase"]
[SourceDate "2010.11.26"]
[SourceVersion "1"]
[SourceVersionDate "2010.11.26"]
[SourceQuality "1"]

1. e4 e5 2. Nf3 Nc6 3. Bb5 a6 4. Bxc6 dxc6 5. 0-0 Bg4 6. h3 h5 7. d3 Qf6 8. Re1 Ne7 9. hxg4 hxg4 10. Nfd2 Qh4 11. Kf1 Ng6 12. g3 Qh3+ 13. Ke2 Bc5 14. Nf1 Qg2 15. Be3 Bxe3 16. Kxe3 f5 17. exf5 Ne7 18. Kd2 Qxf2+ 19. Qe2 Qxf5 20. Qxe5 Qxe5 21. Rxe5 Kd7 22. Nc3 Rh1 23. Rae1 Ng6 24. Rg5 1-0

[Event "BL2-West 0809"]
[Site "Germany"]
[Date "2009.02.01"]
[Round "6.6"]
[White "Schlawin, Marlon"]
[Black "Koehler, Markus"]
[Result "1-0"]
[WhiteElo "2315"]
[BlackElo "2140"]
[PlyCount "85"]
[EventDate "2008.10.05"]
[EventType "team-tourn"]
[EventRounds "9"]
[EventCountry "GER"]
[SourceTitle "CBM 129 Extra"]
[Source "ChessBase"]
[SourceDate "2009.05.05"]
[SourceVersion "2"]
[SourceVersionDate "2009.05.20"]
[SourceQuality "1"]
[WhiteTeam "Bochum SG"]
[BlackTeam "Gerresheim"]
[WhiteTeamCountry "GER"]
[BlackTeamCountry "GER"]

1. e4 c5 2. Nf3 Nc6 3. Bb5 g6 4. Bxc6 dxc6 5. d3 Bg7 6. h3 e5 7. Be3 Qe7 8. Qd2 Nf6 9. Bh6 0-0 10. Nc3 Ne8 11. 0-0-0 f6 12. Nh2 Nd6 13. Bxg7 Qxg7 14. f4 Be6 15. Nf3 exf4 16. Qxf4 Nf7 17. h4 Qh6 18. g3 Bg4 19. Rdf1 Qxf4+ 20. gxf4 Bxf3 21. Rxf3 Rae8 22. h5 g5 23. b3 Kg7 24. Nd1 gxf4 25. Rxf4 Nh6 26. Ne3 b5 27. Rg1+ Kf7 28. Rg5 f5 29. Nxf5 Kf6 30. Rg7 Nxf5 31. Rxh7 Ke5 32. Rxf5+ Rxf5 33. exf5 Kxf5 34. Rxa7 Kg5 35. Rh7 b4 36. Kb2 Rf8 37. a3 bxa3+ 38. Kxa3 Ra8+ 39. Kb2 Rf8 40. Kc3 Rf2 41. Rh8 Rf4 42. Rh7 Rh4 43. Rc7 1-0

[Event "BL2-West 0809"]
[Site "Germany"]
[Date "2008.12.14"]
[Round "4.8"]
[White "Koehler, Markus"]
[Black "Escher, Helmut"]
[Result "0-1"]
[WhiteElo "2140"]
[BlackElo "2105"]
[PlyCount "140"]
[EventDate "2008.10.05"]
[EventType "team-tourn"]
[EventRounds "9"]
[EventCountry "GER"]
[SourceTitle "CBM 129 Extra"]
[Source "ChessBase"]
[SourceDate "2009.05.05"]
[SourceVersion "2"]
[SourceVersionDate "2009.05.20"]
[SourceQuality "1"]
[WhiteTeam "Gerresheim"]
[BlackTeam "Oberursel"]
[WhiteTeamCountry "GER"]
[BlackTeamCountry "GER"]

1. e4 d5 2. exd5 Qxd5 3. Nc3 Qa5 4. d4 c6 5. Nf3 Bg4 6. Be2 Nd7 7. 0-0 e6 8. Ne4 Ngf6 9. Nxf6+ Nxf6 10. Ne5 Bxe2 11. Qxe2 Be7 12. Bg5 Rd8 13. c3 0-0 14. Bxf6 Bxf6 15. Rfe1 Bxe5 16. Qxe5 Rd5 17. Qe3 Rfd8 18. h3 g6 19. a3 Qb5 20. Qe2 Qb3 21. a4 a5 22. Reb1 c5 23. dxc5 Rxc5 24. Ra3 Qd5 25. b4 Qf5 26. Re1 axb4 27. cxb4 Rc2 28. Qf3 Rdd2 29. Qxf5 gxf5 30. Rf1 Ra2 31. Rxa2 Rxa2 32. a5 Rb2 33. Ra1 Rxb4 34. a6 bxa6 35. Rxa6 Rb2 36. Ra3 Kg7 37. Rg3+ Kf6 38. Rg8 f4 39. Rh8 Rb1+ 40. Kh2 Rf1 41. f3 Kg7 42. Re8 Re1 43. Re7 Kg6 44. Re8 f5 45. Rg8+ Kf7 46. Rh8 Kg7 47. Re8 e5 48. Re7+ Kg6 49. Re6+ Kf7 50. Rh6 Kg7 51. Re6 e4 52. h4 Re3 53. Re7+ Kg6 54. h5+ Kxh5 55. fxe4 fxe4 56. Rxh7+ Kg6 57. Re7 Re2 58. Kg1 e3 59. Kf1 Rf2+ 60. Kg1 Kg5 61. g3 Kg4 62. gxf4 Kf3 63. f5 Rg2+ 64. Kf1 e2+ 65. Ke1 Rg1+ 66. Kd2 Rd1+ 67. Kc2 e1Q 68. Rxe1 Rxe1 69. f6 Ke3 70. f7 Rf1 0-1

[Event "Niederrhein-ch"]
[Site "Wuppertal"]
[Date "2008.03.21"]
[Round "6"]
[White "Koehler, Markus"]
[Black "Conrad, Joachim"]
[Result "1-0"]
[WhiteElo "2147"]
[BlackElo "2091"]
[PlyCount "143"]
[EventDate "2008.03.15"]
[EventType "swiss"]
[EventRounds "7"]
[EventCountry "GER"]
[SourceTitle "EXT 2010"]
[Source "ChessBase"]
[SourceDate "2010.11.25"]
[SourceVersion "1"]
[SourceVersionDate "2010.11.25"]
[SourceQuality "1"]

1. e4 d5 2. exd5 Qxd5 3. Nc3 Qa5 4. d4 c6 5. Bc4 Nf6 6. Nf3 Bf5 7. Bd2 e6 8. Nd5 Qd8 9. Nxf6+ gxf6 10. Bf4 Bd6 11. Bg3 Qc7 12. Qe2 Nd7 13. Nh4 Bxg3 14. hxg3 0-0-0 15. Nxf5 Qa5+ 16. c3 Qxf5 17. Rh5 Qg6 18. 0-0-0 f5 19. Rdh1 Rdg8 20. Qe3 Qg7 21. Be2 Nf6 22. Rh6 Nd5 23. Qd2 Rd8 24. Bf3 c5 25. R6h4 Nb6 26. Qf4 cxd4 27. cxd4 Rd7 28. Kb1 Rc7 29. Rc1 f6 30. Rhh1 Kb8 31. Rc2 e5 32. Qxf5 Rxc2 33. Qxc2 exd4 34. Qe4 Nc4 35. Qf4+ Ka8 36. Rc1 Qg6+ 37. Ka1 Ne5 38. Qxd4 Nxf3 39. gxf3 Re8 40. Qd7 a6 41. b3 Qh5 42. Qd3 Qe5+ 43. Qc3 Qd6 44. f4 Kb8 45. Kb2 Qb6 46. Rc2 f5 47. Qc5 Qf6+ 48. Ka3 h5 49. Qc7+ Ka8 50. Rd2 Qf8+ 51. Qd6 Qh8 52. Rd5 h4 53. gxh4 Qxh4 54. Rxf5 Qxf2 55. Rf8 Rxf8 56. Qxf8+ Ka7 57. Qd6 Qe3 58. Qc7 Qd4 59. Qe5 Qd2 60. Qc5+ Kb8 61. f5 Qf4 62. b4 Qf3+ 63. Ka4 b5+ 64. Ka5 Qg2 65. Qb6+ Kc8 66. Qxa6+ Kd8 67. Qd6+ Ke8 68. f6 Qxa2+ 69. Kxb5 Qe2+ 70. Kb6 Qe3+ 71. Kb7 Qe4+ 72. Qc6+ 1-0

[Event "Niederrhein-ch"]
[Site "Wuppertal"]
[Date "2008.03.18"]
[Round "4"]
[White "Koehler, Markus"]
[Black "Neumair, Jerome"]
[Result "0-1"]
[WhiteElo "2147"]
[BlackElo "1970"]
[PlyCount "158"]
[EventDate "2008.03.15"]
[EventType "swiss"]
[EventRounds "7"]
[EventCountry "GER"]
[SourceTitle "EXT 2010"]
[Source "ChessBase"]
[SourceDate "2010.11.25"]
[SourceVersion "1"]
[SourceVersionDate "2010.11.25"]
[SourceQuality "1"]

1. e4 e6 2. d4 d5 3. Nc3 Nf6 4. e5 Nfd7 5. f4 c5 6. Nf3 Nc6 7. Be3 cxd4 8. Nxd4 Bc5 9. Qd2 a6 10. 0-0-0 Nxd4 11. Bxd4 b5 12. h4 b4 13. Na4 Bxd4 14. Qxd4 a5 15. h5 Ba6 16. Bd3 Qc7 17. Kb1 Qa7 18. Bxa6 Qxd4 19. Rxd4 Rxa6 20. Rh3 Ke7 21. a3 bxa3 22. Rxa3 Rb8 23. Rg3 g6 24. hxg6 hxg6 25. b3 Rc6 26. Kb2 Rbc8 27. Rc3 Nc5 28. Nxc5 Rxc5 29. Rxc5 Rxc5 30. c3 Kd7 31. Rd1 Kc7 32. Rh1 Kb7 33. Kc2 Rc8 34. Rh7 Rf8 35. Kd3 Kb6 36. Kd4 Kb5 37. g4 Kc6 38. f5 gxf5 39. gxf5 Rg8 40. fxe6 fxe6 41. Re7 Rg4+ 42. Kd3 Rg6 43. Kc2 Kc5 44. Rc7+ Kb5 45. Re7 Kc5 46. Kb2 Kb5 47. Ka3 Rh6 48. Re8 Rg6 49. Kb2 Kc5 50. Kc2 Rg2+ 51. Kd1 Rg3 52. Kc2 Rg2+ 53. Kb1 Rg6 54. Kb2 Rh6 55. Rc8+ Kb5 56. c4+ dxc4 57. Rxc4 Rh2+ 58. Kc3 Rh3+ 59. Kc2 Re3 60. Rc8 Rxe5 61. Rb8+ Kc5 62. Kd3 Rh5 63. Re8 e5 64. Rb8 Rh4 65. Re8 e4+ 66. Kc3 Rh3+ 67. Kc2 Kd4 68. Rd8+ Ke3 69. Rd5 Rh2+ 70. Kb1 Rh7 71. Kc2 Ke2 72. Rxa5 Rc7+ 73. Kb2 e3 74. Re5 Kd3 75. Re8 Rd7 76. b4 e2 77. Kb3 Rd4 78. Rxe2 Kxe2 79. Ka4 Kd3 0-1

[Event "Niederrhein-ch"]
[Site "Wuppertal"]
[Date "2008.03.17"]
[Round "3"]
[White "Goerke, Joachim"]
[Black "Koehler, Markus"]
[Result "1-0"]
[WhiteElo "2139"]
[BlackElo "2147"]
[PlyCount "135"]
[EventDate "2008.03.15"]
[EventType "swiss"]
[EventRounds "7"]
[EventCountry "GER"]
[SourceTitle "EXT 2010"]
[Source "ChessBase"]
[SourceDate "2010.11.25"]
[SourceVersion "1"]
[SourceVersionDate "2010.11.25"]
[SourceQuality "1"]

1. e4 c5 2. Nc3 Nc6 3. g3 g6 4. Bg2 Bg7 5. d3 d6 6. f4 e6 7. Nf3 Nge7 8. 0-0 0-0 9. Be3 Nd4 10. e5 Nec6 11. exd6 f5 12. Na4 Qxd6 13. c3 Nxf3+ 14. Qxf3 Qxd3 15. Nxc5 Qd8 16. Rfd1 Qf6 17. Rd6 Rf7 18. Rad1 Bf8 19. Nd7 Bxd7 20. Rxd7 Re7 21. Qf2 Qf7 22. Rxb7 Rxb7 23. Bxc6 Rab8 24. Bxb7 Rxb7 25. Qd2 Be7 26. b3 Qf8 27. Qf2 Qc8 28. Bd4 Kf7 29. Qe3 Bf6 30. Bxf6 Kxf6 31. Qd4+ Kf7 32. c4 h6 33. Rd3 Qc6 34. a3 a5 35. c5 g5 36. fxg5 hxg5 37. Qe3 Rb5 38. Rc3 g4 39. Qd4 Rb7 40. Rd3 Rc7 41. b4 axb4 42. axb4 Ra7 43. Rd2 Kg6 44. Qe5 Qc8 45. Rd6 Ra6 46. b5 Rxd6 47. Qxd6 Kf6 48. c6 Qa8 49. Qd4+ Kg6 50. c7 Qb7 51. Qe5 Kf7 52. Qd6 Qa7+ 53. Kf1 Qa1+ 54. Ke2 Qb2+ 55. Kd3 Qxb5+ 56. Kd4 Qb2+ 57. Kc5 Qa3+ 58. Kc6 Qa4+ 59. Kb7 Qb5+ 60. Kc8 Qa6+ 61. Kd7 Qb5+ 62. Kd8 Qa5 63. Qe7+ Kg6 64. Qxe6+ Kg7 65. Kd7 Qa4+ 66. Ke7 Qb4+ 67. Ke8 Qf8+ 68. Kd7 1-0

[Event "BL2-West 0708"]
[Site "Germany"]
[Date "2008.01.20"]
[Round "5.8"]
[White "Koehler, Markus"]
[Black "Konings, Leon"]
[Result "0-1"]
[WhiteElo "2147"]
[BlackElo "2294"]
[PlyCount "73"]
[EventDate "2007.10.21"]
[EventType "team-tourn"]
[EventRounds "9"]
[EventCountry "GER"]
[SourceTitle "EXT 2009"]
[Source "ChessBase"]
[SourceDate "2008.11.26"]
[SourceVersion "1"]
[SourceVersionDate "2008.11.26"]
[SourceQuality "1"]
[WhiteTeam "Gerresheim"]
[BlackTeam "Koeln Porz"]
[WhiteTeamCountry "GER"]
[BlackTeamCountry "GER"]

1. e4 c6 2. d4 d5 3. exd5 cxd5 4. c4 Nf6 5. Nc3 e6 6. Nf3 Bb4 7. Bd3 dxc4 8. Bxc4 0-0 9. 0-0 Qc7 10. Qe2 a6 11. Bg5 Nbd7 12. Rac1 b5 13. Bb3 Qb8 14. Bxf6 Nxf6 15. Ne5 Qb6 16. Ne4 Nd5 17. Bxd5 exd5 18. Nc5 Qd6 19. Ned3 Ba5 20. Qe5 Qd8 21. b4 Bc7 22. Qe3 Re8 23. Qd2 Qh4 24. f4 Bf5 25. Rce1 Be4 26. Nxe4 dxe4 27. Ne5 f6 28. Nd7 Re7 29. Nc5 f5 30. g3 Qh5 31. Qe3 Qg6 32. Rc1 h5 33. Rc2 Kh7 34. Rfc1 Bd6 35. a3 a5 36. Rb2 Rea7 37. Rc3 0-1

[Event "Duesseldorf-ch"]
[Site "Duesseldorf"]
[Date "2006.09.07"]
[Round "2"]
[White "Piepenbreier, Peter"]
[Black "Koehler, Markus"]
[Result "1/2-1/2"]
[WhiteElo "1928"]
[BlackElo "2140"]
[PlyCount "119"]
[EventDate "2006.08.24"]
[EventType "swiss"]
[EventRounds "7"]
[EventCountry "GER"]
[SourceTitle "EXT 2008"]
[Source "ChessBase"]
[SourceDate "2007.11.25"]
[SourceVersion "1"]
[SourceVersionDate "2007.11.25"]
[SourceQuality "1"]

1. Nf3 Nf6 2. c4 g6 3. g3 Bg7 4. Nc3 0-0 5. Bg2 d6 6. d3 e5 7. 0-0 Nc6 8. Bg5 h6 9. Bd2 Re8 10. Rc1 e4 11. dxe4 Nxe4 12. Nxe4 Rxe4 13. b3 Re8 14. Bc3 Bxc3 15. Rxc3 Qf6 16. Qd2 Bg4 17. Re3 Rxe3 18. Qxe3 Kh7 19. Rd1 a5 20. h3 Bxf3 21. Bxf3 a4 22. c5 axb3 23. axb3 Ra1 24. Rxa1 Qxa1+ 25. Kg2 Qf6 26. cxd6 Qxd6 27. Qe8 Nd8 28. e4 Kg7 29. e5 Qd3 30. Qe7 Ne6 31. Qf6+ Kg8 32. Bxb7 Qxb3 33. Be4 Nf8 34. Bc6 Qe6 35. Qxe6 Nxe6 36. f4 Kf8 37. Kf2 Ke7 38. Ke3 f6 39. exf6+ Kxf6 40. g4 g5 41. fxg5+ Kxg5 42. Bd7 Nc5 43. Bc8 Na4 44. Bd7 Nb6 45. Be6 Na4 46. Kd4 Kh4 47. Bd7 Nb2 48. Ke5 Nd3+ 49. Kf6 c5 50. Kg7 Ne5 51. Be6 Kg5 52. h4+ Kxh4 53. Kxh6 Nxg4+ 54. Kg6 Kg3 55. Kf5 Kf3 56. Bd5+ Kg3 57. Ke6 Ne3 58. Kd6 c4 59. Bxc4 Nxc4+ 60. Kc5 1/2-1/2

[Event "BL2-West 0506"]
[Site "Germany"]
[Date "2005.10.23"]
[Round "1.6"]
[White "Kabatianski, Alexander"]
[Black "Koehler, Markus"]
[Result "1-0"]
[WhiteElo "2436"]
[BlackElo "2152"]
[PlyCount "65"]
[EventDate "2005.10.23"]
[EventType "team-tourn"]
[EventRounds "9"]
[EventCountry "GER"]
[SourceTitle "EXT 2007"]
[Source "ChessBase"]
[SourceDate "2006.11.23"]
[SourceVersion "1"]
[SourceVersionDate "2006.11.23"]
[SourceQuality "1"]
[WhiteTeam "Emsdetten Turm"]
[BlackTeam "Gerresheim"]
[WhiteTeamCountry "GER"]
[BlackTeamCountry "GER"]

1. d4 Nf6 2. c4 g6 3. Nf3 Bg7 4. g3 0-0 5. Bg2 d6 6. 0-0 Nbd7 7. Nc3 c6 8. e4 e5 9. h3 Qb6 10. Re1 Re8 11. d5 cxd5 12. cxd5 Nc5 13. Rb1 a5 14. Be3 Bd7 15. Nd2 Qc7 16. Qe2 b6 17. b3 Reb8 18. Rec1 Qd8 19. a3 Rc8 20. Nc4 Rcb8 21. Nxd6 Bxh3 22. Nxf7 Kxf7 23. Bxh3 Nfxe4 24. Nxe4 Nxe4 25. Qf3+ Nf6 26. Be6+ Ke7 27. Rc6 Ra7 28. Rbc1 e4 29. Qf4 Rbb7 30. Qe5 Ne8 31. Bg5+ Kf8 32. Qf4+ Bf6 33. Rc8 1-0